Biomedical Signals, Imaging, and Informatics /

Salvato in:
Dettagli Bibliografici
Altri autori: Bronzino, Joseph D. (Redattore), Peterson R. Donald (Redattore)
Natura: Libro
Lingua:inglese
Pubblicazione: Boca Raton CRC Press 2015
Edizione:fourth edition
Soggetti:
Tags: Aggiungi Tag
Nessun Tag, puoi essere il primo ad aggiungerne!!

MARC

LEADER 00000nam a22000003a 4500
001 0019792
003 SK-STU
005 20161213110101.1
007 ta
008 161213s ----xo-----e------000-0-----d
020 |a 978-1-4398-2527-3 
040 |a STU  |b slo 
041 0 |a eng 
080 |a 610.28--dc23 
100 1 |a Bronzino, Joseph D.  |4 edt 
245 1 0 |a Biomedical Signals, Imaging, and Informatics /  |c ed. Joseph D Bronzino ; ed. Peterson R. Donald 
250 |a fourth edition 
260 |a Boca Raton  |b CRC Press  |c 2015 
300 |a nestr.  |b CD 
650 0 7 |a MATLAB 
700 1 |a Peterson R. Donald  |4 edt 
996 |b 284J044661  |c J* 117943  |l JJSK  |s A  |a 24  |w 0019792_0001